000 00690nam a2200253 i 4500
001 C2-0143658
003 PPAK
005 20180727130035.0
008 980117s1984 enka|||| ||||| | eng d
020 _a0600385922
040 _aPPAK
_beng
_cPPAK
_erda
082 0 4 _a359.960973
_223
090 0 0 _a359.960973
_bMUR
_dR
100 1 _aMurphy, Jack,
_eauthor
245 1 0 _aHistory of the US marines
264 1 _aLondon :
_bHamlyn ,
_c1984
300 _a224 pages :
_bcolour illustrations ;
_c30 cm
336 _2rdacontent
_atext
337 _2rdamedia
_aunmediated
338 _2rdacarrier
_avolume
500 _aIncludes index
650 1 0 _aMarines - United States
942 _ddc
_cB
999 _c45125
_d45125